000 00399nam a2200157Ia 4500
008 231217s9999 xx 000 0 und d
020 _a8178814471
041 _aEnglish
082 _a658.3 SUM;1 R
100 _aSumati Reddy ed.
245 0 _aVirtual teams : concepts and applications
260 _c2005
_bIcfai
_aHyderabad
300 _axi+196+A15
650 _aVirtual,teams
942 _cAA
999 _c191788
_d191788